01015cam a2200277 a 450000100100000000500170001000800410002701000130006802000150008103500190009604000300011504300120014508200170015710000350017424500580020926000460026730000210031350400410033465000290037565000330040491000330043704900090047095201210047995201200060099900170072000001917120200929165935.0920822s1992 tr b 000 0 eng  a92203831 z0976631018 a(DLC) 92203831 aDO-SdBNPcDLCdDLCdBNPHU acc----- a819.8bR738m1 aRohlehr, Gordon,d1942-94127110aMy strangled city and other essays /cGordon Rohlehr. aPort-of-Spain :bLongman Trinidad,c1992. a341 p. ;c21 cm. aIncludes bibliographical references. 4aEnsayo caribeño941272 4aLiteratura caribeña941273 aCatalogación derivada / LC aBNGR 001054708MOaGRbGRcCTd2010-05-27iLF1l0o819.8 R738mp19171-10r2020-06-25w2020-06-25y4ZPréstamo en sala 001050718MOaGRbGRcCTd2010-07-08iLF1l0o819.8 R738mp19171-20r2020-06-25te.2w2020-06-25y1ZNo se presta c18689d18689